000 00223nam a2200097Ia 4500
005 20251222175817.0
008 251222s9999||||xx |||||||||||||| ||spa||
082 _aDVD0070/H51/1996
245 0 _aClaroscuro:Shine
942 _cDVD
999 _c40358
_d40358